| 000 | 00634nam a2200217 u 4500 | ||
|---|---|---|---|
| 005 | 20240912063856.0 | ||
| 008 | 160601s2007 ag r 000 0 spa d | ||
| 020 | _a9789872220457 | ||
| 035 | _aUPN01000210979 | ||
| 049 | _aI | ||
| 050 | 4 |
_aPZ74.7 _bZ9.4 |
|
| 100 | 1 |
_aZweig, Pablo, _d1964- _938983 |
|
| 245 | 1 | 0 |
_aDoña Pocha va de compras / _cPablo Zweig. |
| 260 |
_aBuenos Aires : _bCalibroscopio, _c2007. |
||
| 300 |
_a[26] p. : _bprincipalmente il. col. |
||
| 440 | 0 | _aLíneas de arena | |
| 650 | 4 |
_aCuentos infantiles argentinos _97466 |
|
| 650 | 4 |
_aCUENTOS HUMORISTICOS _911283 |
|
| 905 | _aInfantil | ||
| 999 |
_c183080 _d183080 |
||